Quizz 86 dates du XVII au XXIème siècles (niveau HGGSP terminal) - Statistiques

Statistiques générales
  • Ce quiz a été pris 19 fois
  • Le résultat moyen est 5 sur 86
Statistiques - réponses
Hint Réponse % Correct
1969 (nouveaux espaces) Neil Amstrong réalise le 1er pas sur la lune
88%
11 septembre 2001 (histoire&mémoire) Attentat des tours jumelles à New York
71%
2015 (environnement) COP21
35%
1939 - 1945 (guerre&paix) 2nd guerre mondiale
29%
28 février 2026 (guerre&paix) Attaque Israélo-américaine en Iran, nouvelle guerre ? au Moyen-Orient
29%
11 novembre 1918 (histoire&mémoire) Armistice de la 1ère guerre mondiale à Rethondes
24%
1815 (guerre&paix) Congrès de Vienne
24%
1950 - 1970 (nouveaux espaces) Course à l'espace entre l'URSS et les Etats-Unis (guerre froide)
24%
8 mai 1945 (histoire&mémoire) Armistice de la 2nd guerre mondiale
18%
1975 (nouveaux espaces) Vol "Apollo-Soyouz" de coopération entre l'URSS et les Etats-Unis
18%
2003 (nouveaux espaces) 1er Taïkonaute dans l'espace
12%
1943 (nouveaux espaces) Création de la première fusée "V2" par l'Allemagne
12%
1954 - 1962 (histoire&mémoire) Guerre d'Algérie
12%
1756 - 1763 (guerre&paix) Guerre de 7 ans
12%
1950 - 1953 (guerre&paix) Guerre de Corée
12%
1990 - 1991 (guerre&paix) Guerre du Golfe
12%
1648 (guerre&paix) Traités de Westphalie
12%
1972 (environnement) 1ère conférence sur l'environnement de l'ONU à Stockholm ET publication des rapports Meadows sur le future de l'humanité
6%
1914 - 1918 (guerre&paix) 1ère guerre mondiale
6%
18 mars 1962 (histoire&mémoire) Accords d'Evian (fin guerre d'Algérie)
6%
20 janvier 1920 (guerre&paix) Création de la SDN
6%
26 juin 1945 (guerre&paix) Création de l'ONU
6%
1994 (histoire&mémoire) Création du TPIR (tribunal pénale international pour le Rwanda)
6%
2002 (histoire&mémoire) Entrée en vigeur de la CPI (Cour pénale Internationale de la Haye)
6%
1904 - 1908 (histoire&mémoire) Génocide des Hereros et des Namas en Namibie
6%
2001 - 2021 (guerre&paix) Guerre en Afghanistan
6%
2005 (environnement) La charte de l'environnement est ajoutée a la constitution française
6%
1998 (nouveaux espaces) Lancement de l'ISS (station spatiale internationale)
6%
1957 (nouveaux espaces) Mise en orbite du 1er satellite "Spoutnik" par l'URSS
6%
1827 (environnement) Mise en place du "code forestier" par Charles X
6%
1919 (histoire&mémoire) Traité de Versailles
6%
1974 (environnement) 1er candidat écologiste aux élections présidentielles en France
0%
1973 (environnement) 1er choc pétrolier
0%
11 décembre 1946 (histoire&mémoire) 1ère assemblé de l'ONU et 1ère définition du Génocide
0%
1977 (espace&mer) 1ere carte des fonds marins
0%
1937 (nouveaux espaces) 1ère exploration d'un gisement off-shore
0%
1976 (environnement) 1ère loi de protection de la nature
0%
2 septembre 1998 (histoire&mémoire) 1ère reconnaissance de viol en tant que crime contre l'humanité
0%
1976 (nouveaux espaces) 1ère sonde envoyée sur Mars
0%
2022 (nouveaux espaces) 1ère station spatiale chinoise
0%
1961 (espace&mer) 1er homme dans l'espace (Youri Gagarine)
0%
2001 (nouveaux espaces) 1er touriste dans l'espace
0%
8 aout 1945 (histoire&mémoire) Accords de Londres (création de tribunal militaire international et 1ère definition du crime contre l'humanité)
0%
Années 80-90 (guerre&paix) Apparition du terrorisme islamiste
0%
7 octobre 2023 (guerre&paix) Attaque du Hamas en Israel et debut d'une nouvelle guerre Israélo-palestinienne
0%
13 novembre 2015 (guerre&paix) Attentat du Bataclan à Paris
0%
septembre - décembre 1916 (histoire&mémoire) Bataille de Verdun
0%
2021 (histoire&mémoire) Collaboration entre E. Macron et B. Stora pour l'ouverture des archives de la guerre d'Algérie
0%
1984 (histoire&mémoire) Commémoration conjointe de F. Mitterand et du chancelier allemand Khol à Verdun
0%
1982 (nouveaux espaces) Convention de Montego-Bay
0%
11 novembre 1970 (histoire&mémoire) Convention sur l'imprescriptibilité des crimes de guerre et des crimes contre l'humanité
0%
1994 (nouveaux espaces) Création de l'AIFM (juridiction des fonds marins)
0%
1824 (environnement) Création de l'Ecole nationale des eaux et forêts en France
0%
1964 (environnement) Création de l'ONF (office national des forets) en France
0%
1989 (environnement) Création du CAN.I (Climate Action Network) par les grandes ONG
0%
1971 (environnement) création du ministere de la protection de la nature et de l'environnement en France
0%
1984 (environnement) Création du parti politique "Les Verts" en France
0%
février 1993 (histoire&mémoire) Création du Tribunal pénale internationale pour la Yougoslavie (TPIY)
0%
2015 (nouveaux espaces) Début de la privatisation de l'espace
0%
1931 (histoire&mémoire) Dernière exposition coloniale à Paris
0%
16 juillet 1995 (histoire&mémoire) Discour de J. Chirac reconnaissant la responsabilité Francaise dans la Rafle du Vel d'hiv
0%
1960 (nouveaux espaces) Discours de Kennedy sur les "Nouvelles frontières"
0%
2019 (environnement) Engagement de l'Union Européenne pour la neutralité carbone
0%
1618 - 1648 (guerre&paix) Guerre de 30 ans
0%
1955 - 1975 (guerre&paix) Guerre du Vietnam
0%
1912 - 1913 (guerre&paix) Guerres balkaniques
0%
1802 - 1815 (guerre&paix) Guerres napoléoniennes
0%
1792 - 1802 (guerre&paix) Guerres révolutionnaires en France
0%
1872 - 1876 (nouveaux espaces) HMS Challenger (1ere mission scientifique d'océanographie)
0%
1920 (histoire&mémoire) Inhumation du soldat inconnu
0%
24 février 2022 (guerre&paix) Invasion Russe en Ukraine
0%
1995 (environnement) Invention de la notion d'anthropocène
0%
1990 (histoire&mémoire) La loi Gayssot interdit le négationnisme en France
0%
1973 (nouveaux espaces) lancement du projet Ariane en Europe
0%
6 et 9 aouts 1945 (guerre&paix) L'armée américaine utilise l'arme nucléaire sur Hiroshima et Nagasaki
0%
1962 (histoire&mémoire) Le génocide des juifs est inscrit dans les programmes scolaires allemands
0%
1971 (nouveaux espaces) L'URSS crée la 1ère station spatiale habitée
0%
2023 (nouveaux espaces) Mise en place de la BBNJ (juridiction gestion et protection biodiversité marine)
0%
1967 (nouveaux espaces) Mise en place du "Space Act"
0%
1669 (environnement) Ordonnance de Colbert sur la forêt française
0%
1964 - 1968 (histoire&mémoire) Plusieurs lois d'Amnisties sont mises en place en France
0%
2011 - 2024 (guerre&paix) Printemps arabe en Syrie
0%
16 juillet 1942 (histoire&mémoire) Rafle du Vel d'hiv
0%
1987 (environnement) Rapports Brundtland (développement durable)
0%
2017 (environnement) Retrait des Etats-Unis des accords de Paris
0%
1992 (environnement) Sommet de la Terre de Rio
0%
Aucun quiz correspondant
Distribution des résultats
% des personnes avec chaque résultat
Percentile par nombre de réponses
Votre historique - résultats
Vous n’avez pas pris ce quiz